00645nam a2200145Ia 4500008004100000050002400041100001900065245015400084260008600238300002000324521002200344942000700366999001900373952010700392140724s9999 xx 000 0 und d aLB 1525b.L112 2010 aLabadan, John. 4aThe effects of multi-level teaching on the on-task behavior of integrated pupils of Grades 3-4 of children of ISAAC Learning Academy /cJohn Labadan. aLas Piñas, Philippines :bSouthville International School and Colleges,cc2010. a60 p. :c28 cm. aSpecial Education cTH c228986d228986 001040aCLbCLcTHESESd2014-07-24l0oLB 1525 .L112 2010pT0340r2018-05-15 00:00:00w2014-07-24yTH